Statistics for Fear Garden (IDFB) Death Order

Click here to take the quiz!

General Stats

  • This quiz has been taken 370 times
    (4 since last reset)
  • The average score is 27 of 64

Answer Stats

Order of DeathAnswerCause of Death% Correct
10thCoinyStabbing
100%
1stFireyFalling
100%
4thFlowerPoisoning
100%
9thFriesStabbing
100%
8thGelatinImpaling
100%
5thNeedleSnapping of the neck
100%
7thPuffballStabbing
100%
2ndRockyStabbing
100%
6thTeardropPoisoning
100%
3rdWoodyStabbing/slicing
100%
14thBombyBlood loss
67%
20thBookShredding
67%
22nd - 23rdBubbleBlood loss
67%
11thGolf BallBashing/impaling
67%
22nd - 23rdIce CubeBlood loss
67%
17thMatchBurning
67%
15thNickelBlood loss
67%
21stPinUnknown (possibly blood loss, possibly stabbing)
67%
19thRubyShattering
67%
13thSpongyRipping
67%
12thTennis BallStabbing
67%
26th - 36th8-BallBurning
33%
5thBalloonyPopping
33%
37thBalloonyStrangulation/poisoning
33%
41thBlockyBlending
33%
25thBombyExploding
33%
40thBookBattery/blood loss
33%
17th - 22ndClockImpaling
33%
9thDoraBurning
33%
17th - 22ndEggyCracked/scrambled
33%
14thFirey JrFalling
33%
23rd - 24thFriesCrushing
33%
39thGatyStabbing/live burial
33%
2ndGrassyStabbing/slicing/cannibalism
33%
16thLeafyStabbing and blood loss
33%
26th - 36thLeafyMelting
33%
11thLoserCrushing
33%
13thPenSplitting via automatic door
33%
18thPencilDecapitation
33%
26th - 36thPieExploding
33%
23rd - 24thPuffballCrushing
33%
7thRemoteImpaling
33%
12thRobotyCrushing
33%
38thSawImpaling/removal of tongue/mutilation
33%
3rdSnowballStabbing/brain removal
33%
10thSpongyRipping
33%
16thStapyCrushing
33%
1stTreeMutilation
33%
4thTVBurning/stabbing
33%
17th - 22ndBarf BagBurning
0%
17th - 22ndCakeExploding
0%
6thCloudyCrushing
0%
26th - 36thCoinyBurning
0%
26th - 36thDavidBurning
0%
26th - 36thDonutBurning
0%
17th - 22ndFlowerExploding
0%
8thFoldyTrampling
0%
26th - 36thGatyBurning
0%
26th - 36thGolf BallBurning
0%
26th - 36thNickelBurning
0%
26th - 36thPencilBurning
0%
26th - 36thRobot FlowerBurning
0%
15thTacoCrushing
0%
17th - 22ndTeardropExploding
0%

Score Distribution

Percentile by Number Answered

Percent of People with Each Score

Your Score History

You have not taken this quiz since the last reset